Podrobné plánování výroby ve strojírnách

Guardado en:
Detalles Bibliográficos
Formato: Libro
Lenguaje:checo
Publicado: Praha ÚSČP 1949
Etiquetas: Agregar Etiqueta
Sin Etiquetas, Sea el primero en etiquetar este registro!

MARC

LEADER 00000nam a2200000 4500
001 0307755
005 20250320105637.1
041 0 |a cze 
044 |a CZ 
245 1 0 |a Podrobné plánování výroby ve strojírnách  |c G. V. Teplov 
264 1 |a Praha  |b ÚSČP  |c 1949